000 00266nam a22001217a 4500
008 180215b xxu||||| |||| 00| 0 eng d
041 _aeng
080 _28 ed
_a611
100 _a6
101 _aana
245 _abuchnans of anatomy
_cjones.w
942 _2udc
_cBK
999 _c42561
_d42561